Stanovenie budúceho rozptylu akcií z opcií dizertačná práca

Gespeichert in:
Bibliographische Detailangaben
1. Verfasser: Hinzeller, Gabriel
Körperschaft: Ekonomická univerzita v Bratislave. Národohospodárska fakulta
Weitere Verfasser: Beňová, Elena
Format: Buch
Sprache:Slowakisch
Veröffentlicht: Bratislava 2003
Schlagworte:
Tags: Tag hinzufügen
Keine Tags, Fügen Sie das erste Tag hinzu!

MARC

LEADER 00000nam$a2200000$$$4500
001 0024302
005 20240104094945.4
041 0 |a slo 
044 |a SK 
245 1 0 |a Stanovenie budúceho rozptylu akcií z opcií  |b dizertačná práca  |c Gabriel Hinzeller ; školiteľ: Elena Beňová 
264 1 |a Bratislava  |c 2003 
300 |a 118 s. 
610 2 0 |a akcie 
610 2 0 |a opcie 
610 2 0 |a trh peňažný 
610 2 0 |a burzovníctvo 
610 2 0 |a deriváty 
610 2 0 |a trh finančný 
610 2 0 |a burzy 
610 2 0 |a burzy opčné 
100 1 |a Hinzeller, Gabriel 
700 1 |a Beňová, Elena 
710 2 |a Ekonomická univerzita v Bratislave. Národohospodárska fakulta